Southville International School and Colleges
Your cart is empty.
  • Cart
  • Lists
    Public lists Eva Luna New books Lux_list list_1
    Your lists Log in to create your own lists
  • Log in to your account
  • Your cookies
  • Search history
Southville International School and Colleges
  • Advanced search
  • Recent comments
  • Most popular
  • Libraries

Log in to your account

Log in with GOOGLE


If you do not have an external account, but do have a local account, you can still log in:

  1. Home
  2. MARC view: Thrity tang poems :
Normal view MARC view ISBD view

Thrity tang poems : (Record no. 357396)

[ view plain ]
MARC details
000 -LEADER
fixed length control field 00602nam a2200229Ia 4500
008 - FIXED-LENGTH DATA ELEMENTS--GENERAL INFORMATION
fixed length control field 180523s9999 xx 000 0 und d
020 ## - INTERNATIONAL STANDARD BOOK NUMBER
International Standard Book Number 971-836-020-4
050 ## - LIBRARY OF CONGRESS CALL NUMBER
Classification number MAIN PL 2517
050 ## - LIBRARY OF CONGRESS CALL NUMBER
Item number .W8 2002
100 ## - MAIN ENTRY--PERSONAL NAME
Personal name Wu, Tinna K.
245 #0 - TITLE STATEMENT
Title Thrity tang poems :
245 #0 - TITLE STATEMENT
Remainder of title with english translations /
245 #0 - TITLE STATEMENT
Statement of responsibility, etc Tinna K. Wu.
260 ## - PUBLICATION, DISTRIBUTION, ETC. (IMPRINT)
Place of publication, distribution, etc Quezon City:
260 ## - PUBLICATION, DISTRIBUTION, ETC. (IMPRINT)
Name of publisher, distributor, etc Jc, Lucas Creative Products, Inc.,
260 ## - PUBLICATION, DISTRIBUTION, ETC. (IMPRINT)
Date of publication, distribution, etc 2002
300 ## - PHYSICAL DESCRIPTION
Extent 62 pages :
300 ## - PHYSICAL DESCRIPTION
Other physical details colored illustrations ;
300 ## - PHYSICAL DESCRIPTION
Dimensions 24 cm.
650 ## - SUBJECT ADDED ENTRY--TOPICAL TERM
Topical term or geographic name as entry element Poetry -- Chinese.
650 ## - SUBJECT ADDED ENTRY--TOPICAL TERM
General subdivision Poetry -- Collected works.
Holdings
Withdrawn status Lost status Damaged status Home library Current library Shelving location Date acquired Cost, normal purchase price Total Checkouts Full call number Barcode Date last seen Price effective from Koha item type
      South Mansfield College South Mansfield College   03/07/2005 225.00   MAIN PL 2517 .W8 2002 SMC01950 05/23/2018 05/23/2018  

Thrity tang poems :

APA

Wu T. K., .Thrity tang poems. Quezon City: .

Chicago

Wu Tinna K, .Thrity tang poems. Quezon City: .

Harvard

Wu T. K., .Thrity tang poems. Quezon City: .

MLA

Wu Tinna K, .Quezon City: . .

  • Place hold
  • Print
  • Cite
  • Add to your cart (remove)
  • Save record
    BIBTEX Dublin Core MARCXML MARC (non-Unicode/MARC-8) MARC (Unicode/UTF-8) MARC (Unicode/UTF-8, Standard) MODS (XML) RIS
  • More searches
    Search for this title in:
    Other Libraries (WorldCat) Other Databases (Google Scholar) Online Stores (Bookfinder.com) Open Library (openlibrary.org)

Exporting to Dublin Core...

SOUTHVILLE LIBRARY

Southville International School and Colleges Library

1281 Tropical Ave. Cor. Luxembourg St., BF Homes International, Las Pinas City

Tel. No. 8256374 / 252358 Loc. 117/146

Powered by Koha